Statistiques concernant One Piece Bounty Rush: tous les persos

Cliquez ici pour prendre le quiz!

Statistiques générales

  • Ce quiz a été pris 88 fois
  • Le résultat moyen est 169 sur 264

Statistiques - réponses

catégorie de personnageIndicePersonnage% Correct
4*(BF) défenseur bleuÎle Tougato
Nami
100%
2* attaquant rougeCapitaine de l'équipage
de chapeau de paille
Monkey D. Luffy
100%
3* (troc) attaquant bleuSTAMPEDEMonkey D. Luffy
100%
4*(SBF) attaquant/f bleuL'homme rêvant de devenir le roi des piratesMonkey D. Luffy
100%
4*(BF) défenseur vertAssaut sur OnigashimaMonkey D. Luffy
100%
4*(BF) attaquant bleuLuffy/Law, alliance entre piratesMonkey D. Luffy
100%
4* (troc) fonceur rougeGear Fourth Snake ManMonkey D. Luffy
100%
4* (troc) attaquant bleu2 ans plus tard - CapitaineMonkey D. Luffy
100%
4* (troc) défenseur rougeGum Gum StormMonkey D. Luffy
100%
4* (troc) attaquant rougePrime de 30 millions de berrysMonkey D. Luffy
100%
4* (troc) fonceur vertGuerre au sommetMonkey D. Luffy
100%
3* (troc) attaquant rougeFILM REDMonkey D. Luffy
100%
4*(SBF) défenseur/f/a vertGear fifthMonkey D. Luffy
100%
4*(BF) attaquant vertGear Fourth Bound ManMonley D. Luffy
100%
4*(BF) attaquant rougeAssaut sur OnigashimaNami
100%
2* fonceur vertNavigatrice de l'équipage
de chapeau de paille
Nami
100%
4* (troc) fonceur rouge2 ans plus tard - NavigatriceNami
100%
4* (troc) fonceur bleuFILM REDNami
100%
3* attaquant vertBâton climatiqueNami
100%
4* (cola) attaquant bleuMariée emprisonnéeNami
100%
4*(BF) fonceur bleuBikiniNami
100%
3* (troc) attaquant vertTechnique à un sabre "iai",
la danse du lion
Roronoa Zoro
100%
4* (troc) défenseur vert2 ans plus tard - CombattantRoronoa Zoro
100%
4* (troc) fonceur rouge108 Klesha SlashRoronoa Zoro
100%
4*(SBF) attaquant rouge/b/vAssaut sur OnigashimaRoronoa Zoro
100%
2* défenseur vertCombattant de l'équipage
de chapeau de paille
Roronoa Zoro
100%
4*(BF) attaquant rougeIchidai Sanzen Daisen SekaiRoronoa Zoro
100%
4*(BF) fonceur bleuMariage royalSanji
100%
4* (troc) attaquant rougeÎle TougatoSanji
100%
4*(BF) attaquant vert/b/rAssaut sur OnnigashimaSanji
100%
4* (troc) attaquant vert2 ans plus tard - CuisinierSanji
100%
2* attaquant bleuCuisinier de l'équipage
de chapeau de paille
Sanji
100%
3* défenseur bleuVeal ShootSanji
100%
4* (troc) fonceur bleu2 ans plus tard - Médecin de bordTony-Tony Chopper
100%
4* (troc) défenseur vertFILM REDTony-Tony Chopper
100%
4* (troc) attaquant bleuArm PointTony-Tony Chopper
100%
4* (troc) attaquant bleuJoyeuses fêtesTony-Tony Chopper
100%
4*(BF) attaquant bleuMonster PointTony-Tony Chopper
100%
2* fonceur rougeMédecin de l'équipage
de chapeau de paille
Tony-Tony Chopper
100%
2* attaquant vertArchéologue de l'équipage
de chapeau de paille
Nico Robin
97%
4* (troc) fonceur bleuJoyeuses fêtesNico Robin
97%
4*(BF) attaquant bleuAssaut sur OnigashimaNico Robin
97%
4* (troc) attaquant rouge2 ans plus tard - ArchéologueNico Robin
97%
4*(BF) défenseur rougeEnies LobbyNico Robin
97%
2* fonceur bleuTireur d'élite de l'équipage
de chapeau de paille
Usopp
96%
4* (troc) fonceur bleu2 ans plus tard - Tireur d'éliteUsopp
96%
4*(BF) attaquant rougeFILM REDUsopp
96%
4*(BF) fonceur bleuAssaut sur OnigashimaUsopp
96%
3* attaquant bleuMarteau 5tUsopp
96%
2* fonceur vertMusicien de l'équipage
de chapeau de paille
Brook
93%
4*(BF) fonceur vertÎle TougatoBrook
93%
4* (troc) fonceur vert2 ans plus tard - MusicienBrook
93%
4*(BF) défenseur rougeAssaut sur OnigashimaBrook
93%
3* fonceur rougeCapitaine de la bande à BaggyBaggy
91%
4* (troc) attaquant bleuSept Grands CorsairesBaggy
91%
4* (troc) défenseur rouge2 ans plus tard - CharpentierFranky
91%
3* (troc) attaquant rougeJoyeuses fêtesFranky
91%
2* défenseur rougeCharpentier naval de l'équipage
de chapeau de paille
Franky
91%
3* fonceur vertLe fruit "Glisse-Glisse"Alvida
87%
2* défenseur vertCapitaine de l'équipage
d'Alvida
Alvida
87%
4* (troc) attaquant bleuCapitaine de l'équipage d'ArlongArlong
87%
4*(BF) attaquant vertCommandant en chef de
l'équipage des cents bêtes
Kaido
84%
4*(SBF) fonceur vertCombat final des monstres d'OnigashimaKaido
84%
4*(SBF) défenseur bleuCréature la plus puissante qui existeKaido
84%
3* (troc) fonceur rougePrincesse du royaume d'AlabastaNefertari Vivi
84%
4* (troc) fonceur vertPeacock slasherNefertari Vivi
84%
4* (troc) défenseur bleuPoing ardentPortgas D. Ace
84%
4* (cola) attaquant rougeInfiltration dans la marinePortgas D. Ace
84%
4* (troc) fonceur vertFils du roi des piratesPortgas D. Ace
84%
4*(BF) attaquant bleuCapitaine de la 2nd flotte de Barbe BlanchePortgas D. Ace
84%
4*(BF) fonceur vertCapitaine de l'équipage du HearthTrafalgar Law
84%
4* (troc) défenseur rougePays des WANOTrafalgar Law
84%
4* (troc) fonceur rougeLe chirurgien de la mortTrafalgar Law
84%
4*(BF) attaquant rougeAssaut sur OnigashimaTrafalgar Law
84%
4*(BF) fonceur vertGuerre au sommetCrocodile
83%
4* (troc) défenseur bleuSept Grands CorsairesCrocodile
83%
4* (cola) défenseur vertPrisonnier d'Impel DownCrocodile
83%
3* (troc) défenseur vertVice-amiral au QG de la marineMonkey D. Garp
83%
4*(BF) défenseur rougeHéros de la marineMonkey D. Garp
83%
4*(SBF) attaquant bleuLes Quatre EmpereursShanks
83%
4* (troc) défenseur rougeCapitaine de l'équipage du rouxShanks
83%
4*(SBF) attaquant vertFILM REDShanks
83%
4* (troc) fonceur vertLe bras armé de DressrosaBellamy
81%
3* (troc) défenseur bleuCapitaine de l'équipage de
Bellamy
Bellamy
81%
4*(BF) défenseur vertLe nouveau mondeEustass Kidd
81%
4*(BF) défenseur rougeAssaut sur OnigashimaEustass Kidd
81%
4*(BF) attaquant bleuCapitaine de l'équipage de KiddEustass Kidd
81%
4*(BF) attaquant rougeGrand frère de LuffySabo
81%
4*(BF) défenseur bleuChef d'états-major de l'armée
révolutionnaire
Sabo
81%
4* (troc) attaquant vertSTAMPEDESabo
81%
3* (troc) fonceur vertCapitaine de l'équipage de BonneyJewelry Bonney
80%
4*(SBF) attaquant rougeAmiral commandant en chef de la marineAkainu (Sakazuki)
78%
4*(BF) attaquant rougeAmiral de la marineAkainu (Sakazuki)
78%
4*(BF) attaquant bleuCapitaine de l'équipage de Don QuijoteDon Quijote Doflamingo
78%
4*(BF) fonceur rougeSept Grands CorsairesDon Quijote Doflamingo
78%
4*(SBF) fonceur vertSeigneur de la région de KuriOden Kozuki
78%
3* défenseur vertAmiral de l'armada de Don KriegDon Krieg
75%
3* attaquant vertAncien capitaine de
l'équipage du chat noir
Kuro
75%
4*(BF) défenseur bleuAmiral commandant en chef de la marineSengoku
75%
4* (troc) attaquant bleuVice-amiral de la 5e base de la marine
sur Grand Line
Smoker
75%
4* (troc) défenseur bleuSTAMPEDESmoker
75%
4* (troc) attaquant rougePunk Hazard (Shambles)Smoker
75%
4* (troc) défenseur vertColonel au QG de la MarineSmoker
75%
4*(BF) défenseur bleuAmiral de la marineAokiji (Kuzan)
74%
4* (troc) attaquant rougeSept Grands CorsairesDracule Mihawk
74%
4*(BF) défenseur vertMeilleur sabreur du mondeDracule Mihawk
74%
4*(BF) défenseur bleuAmalEner
74%
4* (troc) Attaquant vertDieuEner
74%
2* fonceur vertLe grand benêt de fils
à papa
Hermep
74%
2* défenseur rougeHomme à tout faireKobby
74%
4* (troc) fonceur bleuSergent chef au QG de la marineKobby
74%
4* (troc) fonceur rougeCommandant de la
première flotte de Barbe Blanche
Marco
74%
4*(BF) fonceur vertPays des WANOMarco
74%
4*(SBF) attaquant vertRoi des piratesGol D. Roger
72%
4* (troc) attaquant vertCP9Rob Lucci
72%
4*(BF) attaquant rougeCP0Rob Lucci
72%
4*(BF) défenseur rougeFILM REDYasopp
72%
4* (troc) fonceur vertTireur d'élite de l'équipage du rouxYasopp
72%
4*(BF) fonceur vertAmiral de la marineKizaru (Borsalino)
71%
4*(BF) défenseur bleuSept Grands CorsairesBartholomew Kuma
70%
4*(BF) attaquant bleuCapitaine de l'équipage des KujasBoa Hancock
70%
4*(BF) fonceur rougeSept Grands CorsairesBoa Hancock
70%
4*(BF) attaquant vertBikiniBoa Hancock
70%
4*(BF) fonceur bleuSTAMPEDEBoa Hancock
70%
4*(BF) défenseur vertSept Grands CorsairesGecko Moria
70%
4*(BF) attaquant bleuGuerre au sommetGecko Moria
70%
3* défenseur rougeChef de cuisine du BaratieZeff
70%
4*(BF) défenseur vertCapitaine de l'équipage de Big MomCharlotte Linlin
68%
4*(SBF) fonceur bleuTroubles d'appétitCharlotte Linlin
68%
4*(BF) fonceur rougesuperstar de l'équipage des cent bêtesKing
68%
4*(SBF) défenseur rougeSept Grands CorsairesMarshall D. Teach
68%
4*(BF) attaquant bleuAssault sur OnigashimaKiller
67%
3* (troc) fonceur bleuCombattant de l'équipage de KiddKiller
67%
4* (troc) attaquant vertAgents spéciaux de Baroque WorksMr 2 Bonclay
67%
4* (cola) fonceur bleuPrisonnier d'Impel DownMr2 Bonclay
67%
4*(BF) défenseur rougesuperstar de l'équipage des cent bêtesQueen
67%
4*(BF) fonceur rougeCyborgQueen
67%
4*(SBF) fonceur rougeFils de KaidoYamato
67%
4*(SBF) attaquant bleuLoup divinYamato
67%
3* (troc) défenseur rougeCapitaine de l'équipage du
Firetank
Capone Bege
65%
4*(BF) attaquant rougel'un des trois généraux sucrées
de l'équipage de Big Mom
Charlotte Katakuri
65%
4*(BF) défenseur vertSurhommeCharlotte Katakuri
65%
4*(BF) attaquant vertRival de RogerEdward Newgate
65%
4*(BF) défenseur rougeCapitaine de l'équipage de Barbe BlancheEdward Newgate
65%
4* (troc) défenseur rougeÎle TougatoJinbe
65%
4*(BF) défenseur bleuAssaut sur OnigashimaJinbe
65%
4*(BF) attaquant bleuSept Grands CorsairesJinbe
65%
4* (troc) défenseur rougeCapitaine du Barto clubBartolomeo
64%
2* défenseur bleuColonel de la marineMorgan
62%
4* (troc) fonceur rougeCP9Kaku
61%
4*(BF) défenseur rougeVassal du clan KozukiKinémon
61%
4* (troc) défenseur rougeCapitaine de l'équipage
des moines dépravés
Urouge
61%
2* défenseur rougeCapitaine de l'équipage du
chat noir
Jango
59%
4*(BF) défenseur bleuDirecteur d'Impel DownMagellan
58%
3* (troc) attaquant vertSamouraï de légendeRyuma
58%
4* (troc) défenseur rougeScientifique et ancien membre du
gouvernement mondial
César Clown
57%
4* (troc) défenseur bleuPrincesse fantômePerona
57%
4* (troc) fonceur vertLes quatre mystérieux de
l'équipage de Thriller Bark
Perona
57%
4* (troc) attaquant vertCapitaine de l'équipage
des jolis pirates
Cavendish
55%
4*(BF) attaquant vertBras droit du roi des pirates,
seigneur des ténèbres
Silvers Rayleigh
55%
4*(BF) fonceur bleuVice-capitaine de l'équipage de RogerSilvers Rayleigh
55%
4* (troc) défenseur vertAncien roi du Royaume de DrumWapol
55%
4* (troc) fonceur vertTribu des MinksCarrot
54%
4*(BF) défenseur bleuAmiral de la marineFujitora (Issho)
54%
4*(BF) attaquant bleuL'un des trois généraux sucrés
de l'équipage de Big Mom
Charlotte Cracker
52%
4* (troc) fonceur rougeSeigneur nocturneChavipère
52%
4*(BF) attaquant vertsuperstar de l'équipage des cent bêtesJack
52%
3* attaquant rougeÉquipage d'Arlong leaderOcty
52%
3* fonceur bleuSergent-chef au QG de la MarineTashigi
52%
3* (troc) fonceur rougeColonel de la 5e base de la marine
sur Grand Line
Tashigi
52%
4*(BF) attaquant rougePays des WANOX-Drake
52%
4* (troc) attaquant vertSeigneur diurneCaborage
51%
3* attaquant vertÉquipage d'Arlong leaderSmack
51%
4*(BF) fonceur vertArmée révolutionnaireEmporio Ivankov
49%
4* (troc) défenseur bleuFille du village de SiropKaya
49%
4* (troc) fonceur vertcapitaine de l'équipage du "On-Air"Scratchmen Apoo
49%
4*(BF) défenseur bleuChanteuse d'une nouvelle èreUta
49%
4*(BF) attaquant rougeFILM REDUta
49%
4* (troc) fonceur bleuCommandant de la 5e flotte
de Barbe Blanche
Vista
49%
4* (troc) défenseur rougeCapitaine de l'équipage de CaribouCaribou
48%
4* (troc) défenseur bleuLeader de la Don Quijote FamilyCorazon
48%
4* (troc) attaquant vertChef des gardiens de la forêt de la baleinePedro
48%
4*(BF) défenseur vertLieutenant-chef de l'équipage de Don QuijoteTrébol
48%
4* (troc) attaquant bleuCapitaine de la 16e flotte de Barbe BlancheIzo
46%
4* (troc) fonceur vertEspion du clan KurozumiKanjuro Kurozumi
46%
4* (troc) fonceur bleuVice-présidente de Baroque WorksMiss Allsunday
46%
4* (troc) attaquant rougeVassal du clan KozukiRaizo
46%
4*(BF) attaquant bleuTobi Roppo de l'équipage des cent bêtesUlti
46%
4* (troc) fonceur bleuGerma 66Vinsmoke Reiju
46%
2* attaquant rougeChef des brigands
des montagnes
Higuma
45%
4* (troc) défenseur bleuChef du Clan de HyogoroHyogoro
45%
2* fonceur bleuChasseur de primesJohnny
45%
4*(BF) défenseur bleuCommandant de la 3e
flotte de Barbe Blanche
Joz
45%
4* (troc) défenseur vertAgents spéciaux de Baroque WorksMr 3
45%
4*(BF) attaquant bleuCommandant adjoint de
la garde royale d'Alabasta
Pell
45%
4*(BF) attaquant vertLieutenant-chef de l'équipage de Don QuijoteDiamante
43%
4* (troc) attaquant rougeleader armée révolutionnaireKoala
43%
4* (troc) défenseur vertEmployée de maison et tueuse à gages
de l'équipage de Don Quijote
Baby 5
42%
4* (troc) attaquant vertBarreur "Champion" de l'équipage
de Barbe Noire
Jesus Burgess
42%
4*(BF) défenseur bleuCommandant en chef du Germa 66Judge Vinsmoke
42%
3* défenseur bleuÉquipage d'Arlong leaderKuroobi
42%
4*(BF) défenseur vertMonarque du royaume RyuguNeptune
41%
4*(BF) attaquant rougeAncien gardien-chef d'Impel Down,
équipage de Barbe Noire
Shiliew
41%
4*(BF) attaquant vertTobi Roppo de l'équipage des cent bêtesWho's Who
41%
2* fonceur vertChef d'état-major de
la bande à baggy
Cabaji
39%
4* (troc) attaquant vertAncien amiral de la marineKuzan
39%
3* (troc) fonceur rougeGuerrier de ShandoraWiper
39%
4* (troc) attaquant bleuCommandant du "Sword" (unité secrète)X-Drake
39%
4*(BF) attaquant vertMatelot de l'équipage de Big MomCharlotte Slurp
38%
4* (troc) fonceur bleuChef de la bande à KyoshiroKyoshiro
38%
4* (troc) fonceur vertTobi Roppo de l'équipage des cent bêtesSasaki
38%
4*(BF) fonceur rougeFILM STRONG WORLDShiki
38%
4* (cola) fonceur vertLe roi des tireursSniperking
38%
4* (troc) défenseur vertVassal du clan KozukiAshura Doji
36%
3* (troc) défenseur bleuPays des WANOBasil Hawkins
36%
4*(BF) défenseur rougeTobi Roppo de l'équipage des cent bêtesPage One
36%
4* (troc) attaquant bleuCapitaine de l'équipage du Hollandais volantVander Decken IX
36%
4* (troc) attaquant vertlieutenant-chef de l'équipage de Don QuijoteVergo
36%
2* fonceur rougeChasseur de primesYosaku
36%
4* (troc) défenseur vertSous-amiral de la MarineHina
35%
4*(BF) fonceur vertCapitaine du nouvel équipage
des hommes-poissons
Hody Jones
35%
4*(BF) attaquant rougeRace des LunariaAlber
33%
2* défenseur bleuGardien du navire de
l'équipage du chat noir
Buchi
33%
4* (troc) attaquant bleusoldat de l'armé révolutionnaireHack
33%
4*(BF) défenseur rougelieutenant spécial de
l'équipage de Don Quijote
Sugar
33%
4*(BF) défenseur bleuEx-commandant de la marine des huit trésors,
12e génération
Chinjao
32%
3* (event) défenseur bleuGardien de la forêtGaimon
32%
4* (troc) fonceur bleuAgents spéciaux de Baroque WorksMiss Goldenweek
32%
4* (troc) fonceur rougeleader de l'équipage de Don QuijoteSeñor Pink
32%
4* (troc) défenseur vertPremière collaborationCharlotte Pudding
30%
4* (troc) attaquant rougeMatelot de l'équipage de Big MomCharlotte Pudding
30%
4* (troc) attaquant bleuBeau jeune homme et meilleur sabreur
du pays des WANO
Kikunojo
30%
4* (troc) fonceur bleuVétéran ninjaShinobu
30%
4*(SBF) défenseur vertFILM ZZéphyr
30%
4*(BF) défenseur bleuFILM REDBen Beckmann
29%
4*(BF) défenseur rougeMatelot de l'équipage de Bog MomCharlotte Brûlée
29%
4* (troc) défenseur rougeMatelot de l'équipage de Big MomCharlotte Oven
29%
3* attaquant rougeVice-amiral de l'armada
de Don Krieg
Gyn
29%
4* (troc) fonceur rougeBoxeur de catégorie XXXIdeo
29%
4* (troc) défenseur rougeVassal du clan KozukiKawamatsu
29%
3* (troc) défenseur vertL'invaincueRebecca
29%
4* (troc) défenseur vertCapitaine de la brigade scientifique
de la marine
Sentomaru
29%
4*(BF) attaquant bleuSTAMPEDEDouglas Bullet
28%
4* (troc) attaquant rougeSouverain du Royaume de ProdenceElizabello II
25%
3* fonceur bleuAgent des frontières Baroque WorksMiss Wednesday
22%
4* (troc) défenseur rougeÉquipage de Don Quijote leaderMonet
22%
4*(BF) fonceur rougePrincesse et ami chériVivi & Kaloo
22%
4*(BF) attaquant bleuFILM GOLDGild Tesoro
20%
4*(SBF) défenseur/f rougeCombat final des monstres d'Onigashima,
Grande courtisane
O-Lin
16%
4* (troc) attaquant bleuPays des WANOFransuké
14%
4*(BF) fonceur bleuRafale de RommelHakuba
14%
4* (troc) attaquant bleuPays des WANOLuffytaro
14%
4* (troc) défenseur bleuÉtoile de l'espoirNightmare Luffy
14%
4* (troc) attaquant bleuPays des WANOZorojuro
14%
4*(BF) fonceur rougeSauveurGod Usopp
13%
4* (troc) fonceur vertPays des WANOO-Robi
13%
4*(BF) fonceur vertStealth BlackO-Soba Mask
13%
4* (troc) défenseur bleuPays des WANOBrookichi
12%
3* (troc) fonceur rougePays des WANOChoppaemon
12%
3* (troc) attaquant vert/r/bAnimal guerrierKung-fu Dugong
12%
4* (troc) fonceur vertPays des WANOO-Nami
12%
4*(BF) défenseur bleuLe pirate de ferGénéral Franky
9%
4* (troc) défenseur rougePays des WANOUsohachi
9%
4*(SBF) fonceur bleuCombat final des monstres d'OnigashimaKidd & Law
7%

Distribution des résultats

Percentile par nombre de réponses

% des personnes avec chaque résultat

Votre développement - résultats

Vous n’avez pas pris ce quiz